[Event "Junior Online 4NCL Division 4"]
[Site "online"]
[Date "2021.03.18"]
[EventDate "2021.03.18"]
[Round "5.53"]
[White "Haga, Viktor"]
[WhiteElo "1056"]
[WhiteTeam "Coldfall Bishops"]
[Black "Salkauskas, Deimantas"]
[BlackElo "1266"]
[BlackTeam "Colchester Juniors B"]
[Result "1-0"]
[PlyCount "99"]

1. c4 g6 2. d4 Nf6 3. Nf3 Bg7 4. d5 d6 5. Nc3 O-O 6. Bg5 h6 7. Bh4 c6 8. e4 cxd5 9. cxd5 e6 10. Bc4 a6 11. O-O b5 12. Bb3 Bd7 13. a4 b4 14. Bxf6 Qxf6 15. Na2 Qxb2 16. Rb1 Qf6 17. Nxb4 a5 18. Nd3 Na6 19. e5 dxe5 20. Nfxe5 Rfd8 21. d6 Nc5 22. Nxd7 Nxd7 23. Rc1 Qg5 24. f4 Qh5 25. Qxh5 gxh5 26. f5 exf5 27. Rxf5 Bd4+ 28. Kf1 Nf6 29. Rc6 Ne4 30. Bxf7+ Kg7 31. Bxh5 Rxd6 32. Rf7+ Kg8 33. Rcc7 Ng5 34. Rfd7 Rf6+ 35. Ke2 Re6+ 36. Kd2 Ne4+ 37. Kc2 Rb8 38. Bf7+ Kf8 39. Bxe6 Be5 40. Nxe5 Ke8 41. Bf7+ Kf8 42. Ng6+ Kg7 43. Bd5+ Kxg6 44. Bxe4+ Kg5 45. Rc5+ Kf4 46. Rd4 Ke3 47. Kc3 Rg8 48. Re5 Kf4 49. Rf5+ Kg4 50. Bc2# 1-0

[Event "Junior Online 4NCL Division 4"]
[Site "online"]
[Date "2021.03.18"]
[EventDate "2021.03.18"]
[Round "5.54"]
[White "Popovici, Serena"]
[WhiteElo "1250"]
[WhiteTeam "Colchester Juniors B"]
[Black "Agasee, Emilio"]
[BlackElo "933"]
[BlackTeam "Coldfall Bishops"]
[Result "1-0"]
[PlyCount "89"]

1. e4 e5 2. d4 exd4 3. c3 dxc3 4. Bc4 Nf6 5. Nf3 Bc5 6. h3 Nxe4 7. O-O Bxf2+ 8. Rxf2 Nxf2 9. Kxf2 O-O 10. Nxc3 Nc6 11. Qc2 d6 12. Ng5 Qf6+ 13. Kg3 g6 14. Nd5 Qe5+ 15. Bf4 Qf5 16. Qxf5 Bxf5 17. Nxc7 Rac8 18. Bxd6 Rfd8 19. Nxf7 Rd7 20. Ne5+ Kg7 21. Nxd7 Bxd7 22. Re1 Rd8 23. Ne6+ Bxe6 24. Rxe6 Nd4 25. Be5+ Kh6 26. Bxd4 Rxd4 27. b3 Rd2 28. a4 Rc2 29. h4 Rc3+ 30. Kh2 Kh5 31. g3 Kg4 32. Re4+ Kf5 33. Rf4+ Ke5 34. Rf7 Rc2+ 35. Kh3 Rc1 36. Rxb7 h5 37. Rxa7 Rh1+ 38. Kg2 Rc1 39. a5 Ke4 40. a6 Rc2+ 41. Kf1 Kf3 42. Ke1 Kxg3 43. Rc7 Kf3 44. Bd5+ Ke3 45. Rxc2 1-0

[Event "Junior Online 4NCL Division 4"]
[Site "online"]
[Date "2021.03.18"]
[EventDate "2021.03.18"]
[Round "5.55"]
[White "Catabay, Asci-Khela"]
[WhiteElo "1375"]
[WhiteTeam "Colchester Juniors B"]
[Black "Spitz, Danny"]
[BlackElo "1107"]
[BlackTeam "Coldfall Bishops"]
[Result "0-1"]
[PlyCount "84"]

1. Nf3 d5 2. g3 Nc6 3. Bg2 e5 4. d3 Nf6 5. Nbd2 Bc5 6. O-O Be6 7. b3 Qd7 8. Bb2 d4 9. c3 Bh3 10. cxd4 exd4 11. Rc1 Bxg2 12. Kxg2 Bb6 13. Nc4 O-O-O 14. Nce5 Nxe5 15. Nxe5 Qd5+ 16. Nf3 h5 17. h4 Rhe8 18. Rc4 Kb8 19. Bxd4 Bxd4 20. Rxd4 Qa5 21. a4 Rxd4 22. Nxd4 Qc3 23. Nf5 g6 24. Ng7 Rg8 25. Qc1 Qxc1 26. Rxc1 Rxg7 27. e4 g5 28. hxg5 Rxg5 29. Kh3 a5 30. f4 Rg8 31. Rc5 b6 32. Rf5 Rg6 33. e5 Ng4 34. Rxh5 Nf2+ 35. Kg2 Nxd3 36. Rh8+ Kb7 37. Rd8 Nxf4+ 38. Kf3 Ne6 39. Rd7 f6 40. exf6 Rxf6+ 41. Kg4 Nc5 42. Kg5 Nxd7 0-1

[Event "Junior Online 4NCL Division 4"]
[Site "online"]
[Date "2021.03.18"]
[EventDate "2021.03.18"]
[Round "5.56"]
[White "Haga, Xander"]
[WhiteElo "1063"]
[WhiteTeam "Coldfall Bishops"]
[Black "Beer, James"]
[BlackElo "1275"]
[BlackTeam "Colchester Juniors B"]
[Result "1/2-1/2"]
[PlyCount "180"]

1. f4 d5 2. Nf3 Bf5 3. g3 Nc6 4. Bg2 Nb4 5. d3 c6 6. Bd2 Na6 7. O-O Nf6 8. Nh4 Bg4 9. h3 Qb6+ 10. e3 Bxd1 11. Rxd1 Qxb2 12. Bc3 Qxc2 13. Bf3 Qa4 14. Bxf6 gxf6 15. Nc3 Qa5 16. Ne2 Bh6 17. Kf2 O-O-O 18. Nf5 Bf8 19. Bg4 Kb8 20. Rdb1 e6 21. Nfd4 Qc5 22. Rc1 Qd6 23. a4 Nb4 24. Rc3 e5 25. Nf5 Qc7 26. d4 exd4 27. Nexd4 Bc5 28. Nb3 b6 29. a5 Rhe8 30. axb6 Qxb6 31. Nxc5 Qxc5 32. Rxc5 Nd3+ 33. Ke2 Nxc5 34. Rb1+ Kc7 35. Rc1 Nb3 36. Rc3 Na5 37. Rc5 Kb6 38. Rc2 Re4 39. Bf3 Rc4 40. Rb2+ Kc5 41. Kf2 Re8 42. Be2 Rce4 43. Rc2+ Kb6 44. Nd6 Rxe3 45. Nxe8 Rxe8 46. Rb2+ Kc7 47. Ra2 Kb6 48. Rb2+ Kc5 49. Rc2+ Kb6 50. Rc1 c5 51. Rb1+ Kc6 52. Bb5+ Kb6 53. Bxe8+ Kc7 54. Bxf7 Kd6 55. Rd1 d4 56. Be8 Nc4 57. Ra1 a5 58. Bf7 Nd2 59. Rxa5 Ne4+ 60. Kf3 Nd2+ 61. Kg4 d3 62. Ra3 c4 63. Rc3 Kc5 64. Kf5 Kd4 65. Rc1 c3 66. Kxf6 c2 67. f5 Ne4+ 68. Ke7 d2 69. Rxc2 d1=Q 70. Rc4+ Ke3 71. f6 Nxf6 72. Kxf6 Qf1+ 73. Rf4 Qxh3 74. Rh4 Qxg3 75. Rxh7 Qf4+ 76. Kg7 Qe5+ 77. Kf8 Qd6+ 78. Kg8 Qd8+ 79. Kg7 Ke4 80. Bg6+ Ke5 81. Rh5+ Ke6 82. Bf5+ Kd6 83. Be4 Qe7+ 84. Kg8 Qxe4 85. Rh6+ Kd5 86. Rh5+ Kc6 87. Rh6+ Kb5 88. Rh5+ Kc6 89. Rh6+ Kb5 90. Rh5+ Kc6 1/2-1/2

[Event "Junior Online 4NCL Division 4"]
[Site "online"]
[Date "2021.03.18"]
[EventDate "2021.03.18"]
[Round "5.57"]
[White "Salkauskas, Deimantas"]
[WhiteElo "1266"]
[WhiteTeam "Colchester Juniors B"]
[Black "Haga, Viktor"]
[BlackElo "1056"]
[BlackTeam "Coldfall Bishops"]
[Result "0-1"]
[PlyCount "152"]

1. d4 d5 2. Nf3 Nc6 3. c4 dxc4 4. e4 Bg4 5. Bxc4 e6 6. h3 Bxf3 7. Qxf3 Nxd4 8. Qd1 Nc6 9. Qxd8+ Rxd8 10. Nc3 Bb4 11. O-O Bxc3 12. bxc3 Ne5 13. Bb3 Nf6 14. Bb2 Nxe4 15. Rae1 Nd2 16. Rxe5 Nxf1 17. Kxf1 O-O 18. c4 Rd6 19. Rg5 f6 20. Rg3 g5 21. Ba3 Rdd8 22. Bxf8 Rxf8 23. c5 Kf7 24. Ba4 c6 25. Rb3 Rb8 26. Bxc6 Rc8 27. Bxb7 Rxc5 28. Be4 Rc1+ 29. Ke2 Rc7 30. Rb7 Rxb7 31. Bxb7 Kg6 32. g4 f5 33. gxf5+ exf5 34. Kd3 Kh5 35. Bf3+ Kh4 36. Bg2 h5 37. f3 Kg3 38. Bh1 Kxh3 39. Ke3 Kh2 40. f4 gxf4+ 41. Kxf4 Kxh1 42. Kxf5 Kg2 43. Kg5 Kf3 44. Kxh5 Ke3 45. Kg5 Kd3 46. Kf5 a5 47. Ke5 a4 48. Kd5 a3 49. Kc5 Kc3 50. Kb5 Kb2 51. Ka4 Kxa2 52. Kb4 Kb2 53. Kc4 a2 54. Kb4 a1=Q 55. Kc4 Qa3 56. Kd4 Kc2 57. Ke4 Kd2 58. Kf4 Ke2 59. Kg4 Kf2 60. Kh4 Kg2 61. Kg4 Qb4+ 62. Kf5 Kf3 63. Ke5 Qh4 64. Kd5 Ke3 65. Kc5 Kd3 66. Kb5 Kc3 67. Ka5 Kb3 68. Kb5 Qg5+ 69. Kc6 Kb4 70. Kd6 Kc4 71. Ke6 Kd4 72. Kd6 Qf6+ 73. Kd7 Kc5 74. Kc8 Qe7 75. Kb8 Kb6 76. Kc8 Qc7# 0-1

[Event "Junior Online 4NCL Division 4"]
[Site "online"]
[Date "2021.03.18"]
[EventDate "2021.03.18"]
[Round "5.58"]
[White "Agasee, Emilio"]
[WhiteElo "933"]
[WhiteTeam "Coldfall Bishops"]
[Black "Popovici, Serena"]
[BlackElo "1250"]
[BlackTeam "Colchester Juniors B"]
[Result "1/2-1/2"]
[PlyCount "192"]

1. e4 e5 2. Bc4 Bc5 3. Qh5 g6 4. Qxe5+ Qe7 5. Qxh8 Qxe4+ 6. Be2 Qxg2 7. Qe5+ Be7 8. Bf3 Qg5 9. Qxg5 Bxg5 10. Nc3 Nc6 11. Nge2 Nb4 12. Be4 Nf6 13. Bd3 Nxd3+ 14. cxd3 d6 15. Nb5 Nd5 16. Nec3 c6 17. Nxd5 Kd7 18. Nbc3 cxd5 19. Nxd5 Kc6 20. Nc3 b6 21. b3 Bb7 22. Bb2 Kd7 23. Rg1 Re8+ 24. Ne2 Bf4 25. Rg4 Bxh2 26. Rh4 Bf3 27. Rxh2 Rxe2+ 28. Kd1 Rxf2+ 29. Ke1 Rxh2 30. Rc1 f5 31. Rc4 Be2 32. Rd4 g5 33. Ba3 b5 34. Rxd6+ Kc7 35. Re6 Bxd3 36. Rf6 f4 37. Rd6 Bb1 38. Ra6 Kb7 39. Rf6 g4 40. Rxf4 g3 41. Kf1 g2+ 42. Kg1 Rh1+ 43. Kxg2 Rd1 44. Rd4 Bxa2 45. b4 Kc6 46. Kf3 Bd5+ 47. Ke3 Re1+ 48. Kd3 Bc4+ 49. Kc3 Ra1 50. Kb2 Rd1 51. Kc2 Rf1 52. d3 Bd5 53. Rh4 Rf2+ 54. Kc3 Bg8 55. Rg4 Be6 56. Rg7 h5 57. Rxa7 h4 58. Ra6+ Kd5 59. Ra8 h3 60. Rh8 Rf3 61. Kd2 Rf2+ 62. Ke3 Rf1 63. Ke2 Rg1 64. Kf2 Ra1 65. Bb2 Rb1 66. Bg7 Rb3 67. Rh5+ Kd6 68. Be5+ Ke7 69. Rh7+ Ke8 70. Rh6 Bd7 71. Rh8+ Ke7 72. Rh7+ Ke6 73. Bh2 Rxd3 74. Rh6+ Kd5 75. Rh5+ Kc4 76. Bd6 Rxd6 77. Kg3 Rd3+ 78. Kh2 Kxb4 79. Rh4+ Kc3 80. Rxh3 Rg3 81. Kxg3 b4 82. Kf2+ Kc4 83. Ke1 b3 84. Rh2 Kc3 85. Kd1 Ba4 86. Rh3+ Kb2 87. Rh2+ Ka3 88. Kc1 Bb5 89. Rh3 Ka2 90. Rh2+ Ka1 91. Rb2 Bc4 92. Rb1+ Ka2 93. Rb2+ Ka3 94. Kb1 Bd3+ 95. Ka1 Bc2 96. Rxb3+ Kxb3 1/2-1/2

[Event "Junior Online 4NCL Division 4"]
[Site "online"]
[Date "2021.03.18"]
[EventDate "2021.03.18"]
[Round "5.61"]
[White "Agbota, Fenu"]
[WhiteElo "1300"]
[WhiteTeam "JHJ Shark Tank 7"]
[Black "Popat, Imara"]
[BlackElo "1137"]
[BlackTeam "Edgware Gambits F"]
[Result "1/2-1/2"]
[PlyCount "211"]

1. e4 e5 2. Nf3 Nc6 3. d4 exd4 4. Bc4 Nf6 5. e5 d5 6. Bb5 Ng4 7. h3 a6 8. Bxc6+ bxc6 9. hxg4 Bxg4 10. Qd3 c5 11. Bg5 Be7 12. Bxe7 Qxe7 13. Nbd2 f6 14. O-O-O fxe5 15. Qa3 e4 16. Qa4+ Qd7 17. Qxd7+ Kxd7 18. Ne5+ Ke6 19. Nxg4 Raf8 20. f3 e3 21. Nb3 Kd6 22. c3 dxc3 23. Nxe3 cxb2+ 24. Kxb2 c6 25. Nc4+ Ke6 26. Ne3 g5 27. Nxc5+ Kd6 28. Nxa6 h5 29. g4 Rxf3 30. Nf5+ Kd7 31. Rdf1 Rxf1 32. Rxf1 hxg4 33. Rg1 Ke6 34. Nd4+ Kd6 35. Rxg4 Rh2+ 36. Kc3 c5 37. Nf5+ Ke6 38. Rxg5 Rxa2 39. Nxc5+ Kf6 40. Rh5 Kg6 41. Ng3 Ra3+ 42. Nb3 d4+ 43. Kc4 d3 44. Rd5 Ra4+ 45. Kxd3 Rg4 46. Ne4 Kg7 47. Rd6 Rg6 48. Rd7+ Kh6 49. Nd4 Kh5 50. Rh7+ Rh6 51. Ng3+ Kg6 52. Re7 Rh3 53. Re3 Kg5 54. Ne6+ Kg4 55. Nf1 Rxe3+ 56. Nxe3+ Kg3 57. Ke4 Kf2 58. Kf4 Ke2 59. Ke4 Kf2 60. Nf4 Kg3 61. Kf5 Kh2 62. Kg4 Kg1 63. Kg3 Kh1 64. Nf5 Kg1 65. Nh3+ Kf1 66. Kf3 Ke1 67. Ke3 Kf1 68. Nf2 Kg1 69. Kf3 Kh2 70. Ng4+ Kg1 71. Nfe3 Kh1 72. Nf2+ Kh2 73. Neg4+ Kg1 74. Nh3+ Kf1 75. Ne3+ Ke1 76. Nf4 Kd2 77. Nfd5 Kd3 78. Nb4+ Kd4 79. Nec2+ Ke5 80. Ke3 Kf5 81. Kf3 Ke5 82. Ne3 Kd4 83. Nbc2+ Ke5 84. Ne1 Kd6 85. Nd3 Kc6 86. Ke4 Kd6 87. Kd4 Ke6 88. Nf4+ Kd6 89. Ke4 Kc6 90. Nf5 Kc5 91. Ke5 Kc4 92. Ne3+ Kc5 93. Nd3+ Kc6 94. Nc4 Kb5 95. Kd5 Ka4 96. Kd4 Kb5 97. Nc5 Kc6 98. Ne4 Kb5 99. Kd5 Kb4 100. Ned2 Kc3 101. Kc5 Kd3 102. Nb3 Ke4 103. Nd4 Kf4 104. Kd5 Kg4 105. Ke4 Kg5 106. Ne5 1/2-1/2

[Event "Junior Online 4NCL Division 4"]
[Site "online"]
[Date "2021.03.18"]
[EventDate "2021.03.18"]
[Round "5.62"]
[White "Patel, Rohan"]
[WhiteElo "1140"]
[WhiteTeam "Edgware Gambits F"]
[Black "Gamage, Amias"]
[BlackElo "1300"]
[BlackTeam "JHJ Shark Tank 7"]
[Result "1-0"]
[PlyCount "47"]

1. e4 e5 2. Nf3 Nc6 3. Bc4 Bc5 4. O-O Nf6 5. Nc3 d6 6. h3 Be6 7. Bb3 Qd7 8. Ng5 O-O 9. Nxe6 fxe6 10. d3 Nd4 11. Bc4 Qe7 12. Bg5 Qf7 13. a3 Ne8 14. b4 Bb6 15. Na4 Qg6 16. Be7 Rf3 17. g3 Rxg3+ 18. fxg3 Qxg3+ 19. Kh1 Nf3 20. Rxf3 Qh4 21. Nxb6 Qxe7 22. Qf1 cxb6 23. Bxe6+ Qxe6 24. Rf8# 1-0

[Event "Junior Online 4NCL Division 4"]
[Site "online"]
[Date "2021.03.18"]
[EventDate "2021.03.18"]
[Round "5.63"]
[White "Nilim, Armaan"]
[WhiteElo "1298"]
[WhiteTeam "JHJ Shark Tank 7"]
[Black "Dalah, Jacob"]
[BlackElo "1038"]
[BlackTeam "Edgware Gambits F"]
[Result "1-0"]
[PlyCount "31"]

1. d4 d5 2. Nc3 e6 3. Bf4 Bb4 4. e3 Nf6 5. Bd3 O-O 6. Nf3 b6 7. a3 Bd6 8. Be5 Nc6 9. b4 Ng4 10. Bg3 e5 11. dxe5 Ncxe5 12. Nxe5 Nxe5 13. Nb5 Nxd3+ 14. Qxd3 Bxg3 15. hxg3 Ba6 16. Qxh7# 1-0

[Event "Junior Online 4NCL Division 4"]
[Site "online"]
[Date "2021.03.18"]
[EventDate "2021.03.18"]
[Round "5.64"]
[White "Patel, Isabella"]
[WhiteElo "1079"]
[WhiteTeam "Edgware Gambits F"]
[Black "Xu, Tianyou"]
[BlackElo "1280"]
[BlackTeam "JHJ Shark Tank 7"]
[Result "0-1"]
[PlyCount "56"]

1. d4 d5 2. Bf4 Bf5 3. e3 Nf6 4. Nf3 e6 5. Bd3 Be4 6. c3 Nbd7 7. O-O Bd6 8. Ne5 Bxe5 9. dxe5 Bxd3 10. Qxd3 Ne4 11. Re1 Ndc5 12. Qb5+ c6 13. Qb4 Nd3 14. Qxb7 O-O 15. Rd1 Ndxf2 16. Rd4 Qh4 17. Qxc6 Rac8 18. Qd7 Ra8 19. Nd2 Nxd2 20. Rxd2 Ne4 21. Rd4 Qf2+ 22. Kh1 Qh4 23. c4 g5 24. Bxg5 Qxg5 25. cxd5 Nf2+ 26. Kg1 Qxe3 27. dxe6 Nh3+ 28. Kf1 Qf2# 0-1

[Event "Junior Online 4NCL Division 4"]
[Site "online"]
[Date "2021.03.18"]
[EventDate "2021.03.18"]
[Round "5.65"]
[White "Popat, Imara"]
[WhiteElo "1137"]
[WhiteTeam "Edgware Gambits F"]
[Black "Agbota, Fenu"]
[BlackElo "1300"]
[BlackTeam "JHJ Shark Tank 7"]
[Result "0-1"]
[PlyCount "46"]

1. e4 e5 2. Nf3 Nf6 3. Bc4 Nc6 4. Nc3 d6 5. h3 h6 6. d4 exd4 7. Nxd4 Nxd4 8. Qxd4 Be7 9. O-O O-O 10. e5 dxe5 11. Qxe5 Bd6 12. Qe2 Bf5 13. f4 Re8 14. Qd2 Bc5+ 15. Kh2 Qe7 16. g4 Bd7 17. Qg2 Bc6 18. Nd5 Nxd5 19. Bxd5 Bxd5 20. Qxd5 Qh4 21. Qxc5 Re2+ 22. Kh1 Qxh3+ 23. Kg1 Rg2# 0-1

[Event "Junior Online 4NCL Division 4"]
[Site "online"]
[Date "2021.03.18"]
[EventDate "2021.03.18"]
[Round "5.66"]
[White "Gamage, Amias"]
[WhiteElo "1300"]
[WhiteTeam "JHJ Shark Tank 7"]
[Black "Patel, Rohan"]
[BlackElo "1140"]
[BlackTeam "Edgware Gambits F"]
[Result "0-1"]
[PlyCount "87"]

1. e4 e5 2. f4 Nc6 3. Nf3 d6 4. Nc3 Bg4 5. Bc4 Be7 6. d3 Nf6 7. O-O O-O 8. f5 Nd4 9. Kh1 g6 10. Bh6 Re8 11. Qe1 Nxc2 12. Qg3 Nxa1 13. Rxa1 Bxf3 14. Qxf3 c6 15. fxg6 hxg6 16. Qh3 Nh5 17. Qf3 Kh7 18. Qxf7+ Kxh6 19. Rg1 Rf8 20. Qe6 Nf4 21. g4 Nxe6 22. Bxe6 d5 23. g5+ Bxg5 24. exd5 cxd5 25. Bxd5 Qb6 26. Ne4 Be3 27. Rg3 Bc5 28. Rh3+ Kg7 29. Ng5 Kf6 30. Ne4+ Kf5 31. Rf3+ Kg4 32. Rg3+ Kf4 33. Nd2 Be3 34. Rf3+ Kg4 35. Rg3+ Kf4 36. Rf3+ Kg5 37. Rg3+ Kh4 38. Nf3+ Kh5 39. Rh3+ Kg4 40. Rg3+ Kf4 41. Nh4 Bf2 42. Rf3+ Kg4 43. Nxg6 Rxf3 44. Bxf3+ 0-1

[Event "Junior Online 4NCL Division 4"]
[Site "online"]
[Date "2021.03.18"]
[EventDate "2021.03.18"]
[Round "5.67"]
[White "Dalah, Jacob"]
[WhiteElo "1038"]
[WhiteTeam "Edgware Gambits F"]
[Black "Nilim, Armaan"]
[BlackElo "1298"]
[BlackTeam "JHJ Shark Tank 7"]
[Result "1-0"]
[PlyCount "77"]

1. e4 e5 2. Nf3 Nf6 3. Nxe5 Nc6 4. d4 Nxe5 5. dxe5 Nxe4 6. Bc4 d6 7. Qd5 Be6 8. Qxe4 d5 9. Bb5+ c6 10. Bxc6+ bxc6 11. Qa4 Qb6 12. O-O Bc5 13. b3 h5 14. Ba3 Bxa3 15. Qxa3 Qc7 16. Re1 Qe7 17. Qa6 Qc7 18. Nc3 Rb8 19. Qa3 g5 20. Ne2 g4 21. Nf4 h4 22. Nxe6 fxe6 23. b4 g3 24. fxg3 hxg3 25. Qxg3 Rxb4 26. Qg6+ Qf7 27. Qxf7+ Kxf7 28. Rf1+ Kg6 29. Rf6+ Kg5 30. Rxe6 Kf5 31. Rxc6 Kxe5 32. Ra6 Rh7 33. Kf2 Rb2 34. Rc1 Rb6 35. Rxb6 axb6 36. h3 Rf7+ 37. Kg1 Kf4 38. Rf1+ Ke5 39. Rxf7 1-0

[Event "Junior Online 4NCL Division 4"]
[Site "online"]
[Date "2021.03.18"]
[EventDate "2021.03.18"]
[Round "5.68"]
[White "Xu, Tianyou"]
[WhiteElo "1280"]
[WhiteTeam "JHJ Shark Tank 7"]
[Black "Patel, Isabella"]
[BlackElo "1079"]
[BlackTeam "Edgware Gambits F"]
[Result "0-1"]
[PlyCount "58"]

1. e4 e5 2. Nf3 Nc6 3. Bc4 Be7 4. Nc3 Nf6 5. d3 O-O 6. Be3 d6 7. Bd5 Nxd5 8. Nxd5 Nd4 9. Nxd4 exd4 10. Bxd4 Bg5 11. Bc3 Re8 12. Qf3 Re7 13. Nxe7+ Qxe7 14. Qg3 d5 15. h4 Bh6 16. Qg4 Bxg4 17. f3 Bd7 18. g4 dxe4 19. dxe4 Bf4 20. h5 Bb5 21. h6 gxh6 22. Rh5 Rd8 23. Rxb5 Qh4+ 24. Ke2 Qh2+ 25. Kf1 Qh1+ 26. Kf2 Qxa1 27. Rf5 Bh2 28. Bf6 Rd2+ 29. Ke3 Qe1# 0-1

[Event "Junior Online 4NCL Division 4"]
[Site "online"]
[Date "2021.03.18"]
[EventDate "2021.03.18"]
[Round "5.71"]
[White "Rowland, Benjamin"]
[WhiteElo "1227"]
[WhiteTeam "Barnet Knights D"]
[Black "Timbrell, Matthew"]
[BlackElo "1616"]
[BlackTeam "Somerset Lions"]
[Result "0-1"]
[PlyCount "72"]

1. e4 c6 2. d4 d5 3. exd5 cxd5 4. Bd3 Nf6 5. Nf3 Nc6 6. Bf4 Bg4 7. c3 e6 8. Nbd2 Bd6 9. Bg3 O-O 10. Qc2 Rc8 11. Bh4 h6 12. h3 Bxf3 13. Nxf3 Nb4 14. Qd2 Nxd3+ 15. Qxd3 Be7 16. O-O Ne4 17. Bxe7 Qxe7 18. Nd2 Nxd2 19. Qxd2 b5 20. a3 Qc7 21. Rac1 Qc4 22. Qc2 a5 23. Rfd1 a4 24. Qd3 Rb8 25. Qxc4 bxc4 26. Rb1 Rb6 27. Rf1 Rfb8 28. b4 axb3 29. Rfd1 Ra8 30. Ra1 b2 31. Rab1 Rxa3 32. Rd2 Ra1 33. Rxb2 Rxb1+ 34. Rxb1 Rxb1+ 35. Kh2 Rc1 36. f3 Rxc3 0-1

[Event "Junior Online 4NCL Division 4"]
[Site "online"]
[Date "2021.03.18"]
[EventDate "2021.03.18"]
[Round "5.72"]
[White "Wang, Andy"]
[WhiteElo "1388"]
[WhiteTeam "Somerset Lions"]
[Black "Scott, Jane"]
[BlackElo "1300"]
[BlackTeam "Barnet Knights D"]
[Result "1-0"]
[PlyCount "83"]

1. d4 Nf6 2. Bf4 g6 3. Nf3 Bg7 4. e3 O-O 5. c4 d6 6. Nc3 Nbd7 7. Be2 Nh5 8. Bg3 e5 9. dxe5 dxe5 10. O-O Nxg3 11. hxg3 f5 12. Qd5+ Kh8 13. Ng5 Qxg5 14. Rad1 c6 15. Qf3 e4 16. Qf4 Qxf4 17. gxf4 Nb6 18. Rd2 Be6 19. c5 Nc4 20. Bxc4 Bxc4 21. Rfd1 b5 22. Rd6 b4 23. b3 Bxb3 24. axb3 bxc3 25. Rxc6 Rac8 26. Rxc8 Rxc8 27. b4 h6 28. Kf1 Rb8 29. Rb1 a5 30. b5 a4 31. c6 a3 32. c7 Rc8 33. b6 a2 34. Rc1 c2 35. b7 Rg8 36. c8=Q a1=Q 37. Qxg8+ Kxg8 38. Rxa1 Bxa1 39. b8=Q+ Kf7 40. Qc7+ Kf6 41. Qxc2 Ke6 42. Qa2+ 1-0

[Event "Junior Online 4NCL Division 4"]
[Site "online"]
[Date "2021.03.18"]
[EventDate "2021.03.18"]
[Round "5.73"]
[White "Ethelontis, Elena"]
[WhiteElo "1231"]
[WhiteTeam "Barnet Knights D"]
[Black "Zeng, Jonathan"]
[BlackElo "1383"]
[BlackTeam "Somerset Lions"]
[Result "1-0"]
[PlyCount "129"]

1. d4 d5 2. Nf3 Nc6 3. c4 e6 4. Nc3 Nf6 5. Bf4 Bb4 6. e3 Ne4 7. Qc2 O-O 8. a3 Ba5 9. b4 Bb6 10. c5 Bxc5 11. bxc5 b6 12. cxb6 axb6 13. Bd3 Nxc3 14. Qxc3 Bb7 15. O-O Qf6 16. Qc2 Rfe8 17. Bxh7+ Kf8 18. Bd3 Rac8 19. Rfc1 Ne7 20. Qb2 Ng6 21. Bxc7 e5 22. Bb5 Re7 23. Qb4 Kg8 24. Bd6 Rxc1+ 25. Rxc1 Rd7 26. Bxd7 Qd8 27. Bb5 e4 28. Ne5 Nxe5 29. Bxe5 Kh8 30. a4 f6 31. Bf4 Ba8 32. Bc6 Bxc6 33. Rxc6 Qd7 34. Qxb6 Kh7 35. h3 Qe7 36. a5 Qd7 37. Qc7 Qe8 38. Qc8 Qe7 39. Bd6 Qf7 40. Rc7 Qg6 41. Qd7 f5 42. Qxg7+ Qxg7 43. Rxg7+ Kxg7 44. a6 Kf6 45. a7 Ke6 46. Ba3 Kf6 47. a8=Q f4 48. Qxd5 Kg6 49. Qxe4+ Kf6 50. Qxf4+ Ke6 51. Qe5+ Kf7 52. f4 Kg6 53. g4 Kh6 54. h4 Kg6 55. Bc5 Kh6 56. g5+ Kh5 57. Qf6 Kg4 58. e4 Kh5 59. Qh6+ Kg4 60. f5 Kf4 61. Kf2 Kg4 62. g6 Kh3 63. Qe3+ Kg4 64. Qg3+ Kh5 65. Qg5# 1-0

[Event "Junior Online 4NCL Division 4"]
[Site "online"]
[Date "2021.03.18"]
[EventDate "2021.03.18"]
[Round "5.75"]
[White "Timbrell, Matthew"]
[WhiteElo "1616"]
[WhiteTeam "Somerset Lions"]
[Black "Rowland, Benjamin"]
[BlackElo "1227"]
[BlackTeam "Barnet Knights D"]
[Result "1-0"]
[PlyCount "103"]

1. c4 Nf6 2. Nc3 g6 3. g3 Bg7 4. Bg2 e5 5. e3 O-O 6. Nge2 d6 7. O-O Bf5 8. Bxb7 Nbd7 9. Bxa8 Qxa8 10. f3 Bh3 11. Rf2 Nc5 12. d4 exd4 13. exd4 Ne6 14. d5 Nc5 15. Nf4 Bf5 16. Na4 Nxa4 17. Qxa4 Nd7 18. Be3 Nf6 19. Re1 Re8 20. Rfe2 g5 21. Ng2 g4 22. Nh4 gxf3 23. Nxf3 Bg4 24. Rf2 Bxf3 25. Rxf3 Bh6 26. Bf2 Rxe1+ 27. Bxe1 Qb7 28. Rxf6 Be3+ 29. Bf2 Bxf2+ 30. Rxf2 Qb8 31. Qd7 Qf8 32. Qxc7 a6 33. Qa7 f5 34. Qxa6 Kg7 35. Qb7+ Kg6 36. Qd7 Qf6 37. Qe6 h5 38. Qxf6+ Kxf6 39. a4 f4 40. a5 f3 41. a6 h4 42. gxh4 Ke5 43. a7 Kd4 44. a8=Q Kxc4 45. Rxf3 Kd4 46. Qa4+ Ke5 47. Qf4+ Kxd5 48. Rd3+ Kc5 49. Qxd6+ Kc4 50. Qd5+ Kb4 51. Rb3+ Ka4 52. Qb5# 1-0

[Event "Junior Online 4NCL Division 4"]
[Site "online"]
[Date "2021.03.18"]
[EventDate "2021.03.18"]
[Round "5.76"]
[White "Scott, Jane"]
[WhiteElo "1300"]
[WhiteTeam "Barnet Knights D"]
[Black "Wang, Andy"]
[BlackElo "1388"]
[BlackTeam "Somerset Lions"]
[Result "1-0"]
[PlyCount "59"]

1. e4 e5 2. Nf3 Nc6 3. d4 exd4 4. Bc4 Be7 5. O-O d6 6. c3 dxc3 7. Nxc3 Bg4 8. h3 Bh5 9. Qd5 Nf6 10. Qd3 Bxf3 11. Qxf3 Ne5 12. Qe2 Qd7 13. Bb5 c6 14. Ba4 Qe6 15. Bb3 Qd7 16. f4 Ng6 17. Qc4 O-O 18. Rd1 Rfe8 19. e5 Nd5 20. Nxd5 cxd5 21. Qxd5 Rf8 22. exd6 Bf6 23. Be3 Bxb2 24. Rab1 Ba3 25. Bf2 b6 26. f5 Nh8 27. Bh4 Bc5+ 28. Kh1 Rfe8 29. f6 g6 30. Qd2 1-0

[Event "Junior Online 4NCL Division 4"]
[Site "online"]
[Date "2021.03.18"]
[EventDate "2021.03.18"]
[Round "5.77"]
[White "Zeng, Jonathan"]
[WhiteElo "1383"]
[WhiteTeam "Somerset Lions"]
[Black "Ethelontis, Elena"]
[BlackElo "1231"]
[BlackTeam "Barnet Knights D"]
[Result "0-1"]
[PlyCount "44"]

1. e4 e5 2. Nf3 Nc6 3. Bc4 Nf6 4. Ng5 d5 5. exd5 Nd4 6. O-O h6 7. Nf3 Nf5 8. Nxe5 Bd6 9. Re1 O-O 10. Nc3 Re8 11. d4 a6 12. Bf4 b5 13. Bb3 Bb7 14. Qg4 Nxg4 15. h3 Nxe5 16. dxe5 Bc5 17. e6 fxe6 18. dxe6 Qe7 19. Rad1 g5 20. Bh2 Nh4 21. Rd7 Qf6 22. Rxc7 Qxf2+ 0-1

[Event "Junior Online 4NCL Division 4"]
[Site "online"]
[Date "2021.03.18"]
[EventDate "2021.03.18"]
[Round "5.78"]
[White "Vyas, Rayaan"]
[WhiteElo "1217"]
[WhiteTeam "Barnet Knights D"]
[Black "Ranpura, Kirin"]
[BlackElo "1379"]
[BlackTeam "Somerset Lions"]
[Result "0-1"]
[PlyCount "116"]

1. e4 e6 2. d4 d5 3. Nc3 c5 4. Nf3 Nc6 5. Bb5 Bd7 6. O-O Qb6 7. Re1 a6 8. Bxc6 bxc6 9. exd5 cxd5 10. Nxd5 Qb7 11. dxc5 Rd8 12. Nb6 Bc6 13. Qe2 Bxc5 14. Nc4 Bb5 15. b3 Nf6 16. Rd1 O-O 17. Rxd8 Rxd8 18. Bb2 Be7 19. Nh4 Qd5 20. Qd3 Qxd3 21. cxd3 Rxd3 22. Nb6 Rd2 23. Rb1 Bd3 24. Rc1 Rxb2 25. h3 Rc2 26. Rd1 Bb5 27. Nf3 Ne4 28. Nd4 Rxa2 29. Nxb5 axb5 30. Rd7 Ra1+ 31. Kh2 Bd6+ 32. g3 h6 33. Rd8+ Kh7 34. f3 Ra2+ 35. Kg1 Bc5+ 36. Kf1 Nxg3+ 37. Ke1 Bxb6 38. Rb8 Bd4 39. Rxb5 Bf6 40. b4 Rb2 41. Kd1 Bc3 42. Rb7 Rxb4 43. Rxf7 Rb5 44. Re7 Rb6 45. Kc2 Bf6 46. Rf7 Nf5 47. Kd3 Rb3+ 48. Ke4 Nd6+ 49. Kf4 Nxf7 50. Kg4 e5 51. Kg3 Ng5 52. Kg4 Nxf3 53. h4 e4 54. h5 e3 55. Kxf3 Bg5 56. Ke2 Rb2+ 57. Kf1 e2+ 58. Ke1 Bh4# 0-1

[Event "Junior Online 4NCL Division 4"]
[Site "online"]
[Date "2021.03.18"]
[EventDate "2021.03.18"]
[Round "5.81"]
[White "Jhamna, Alexander"]
[WhiteElo "1285"]
[WhiteTeam "The Hall 2"]
[Black "Gururaj, Rithwik"]
[BlackElo "1277"]
[BlackTeam "Leeds Juniors 2"]
[Result "0-1"]
[PlyCount "28"]

1. e4 c6 2. Nf3 d5 3. exd5 cxd5 4. d4 Nc6 5. Nc3 Bg4 6. Bf4 Nf6 7. h3 Bh5 8. g4 Bg6 9. Bg5 e6 10. Qe2 Bb4 11. O-O-O Bxc3 12. bxc3 Qa5 13. Ne5 Qxc3 14. Qb5 Qxc2# 0-1

[Event "Junior Online 4NCL Division 4"]
[Site "online"]
[Date "2021.03.18"]
[EventDate "2021.03.18"]
[Round "5.82"]
[White "Agrawal, Sahil"]
[WhiteElo "1232"]
[WhiteTeam "Leeds Juniors 2"]
[Black "Ozdenoren, Deniz"]
[BlackElo "1262"]
[BlackTeam "The Hall 2"]
[Result "1-0"]
[PlyCount "49"]

1. e4 e5 2. Nf3 Nc6 3. Bc4 Bc5 4. c3 Bb6 5. d4 exd4 6. cxd4 d6 7. Bg5 Nf6 8. O-O h6 9. Bxf6 Qxf6 10. d5 Ne5 11. Nxe5 Qxe5 12. Nc3 Qg5 13. Kh1 O-O 14. f4 Qh4 15. e5 dxe5 16. g3 Qh3 17. fxe5 Bg4 18. Qc2 Rfe8 19. Rae1 Re7 20. Qe4 Rae8 21. Qf4 Rf8 22. Nb5 c6 23. d6 Re6 24. Bxe6 fxe6 25. Qxf8+ 1-0